World Trade Organizations : International trade statistics 2002.
| Format: | Book |
|---|---|
| Published: |
Geneva:
World Trade Organizations,
2002.
|
| Subjects: |
| LEADER | 00475cam a2200145 7i4500 | ||
|---|---|---|---|
| 001 | 0000013189 | ||
| 005 | 20040111090000.0 | ||
| 020 | 0 | 0 | |a 10204997 |
| 022 | 0 | 0 | |a 9287012253 |
| 090 | 0 | 0 | |a STAT 382.1042 |b WOR I 382.1042 |b WOR |
| 245 | 0 | 0 | |a World Trade Organizations : |b International trade statistics 2002. |
| 260 | 0 | 0 | |a Geneva: |b World Trade Organizations, |c 2002. |
| 300 | # | # | |a 218 p. |
| 650 | 0 | 0 | |a International trade -- |x Statistics |
| 999 | |a B000015394 |b Book |c Book |e Business Information Centre | ||